<?xml version="1.0" encoding="UTF-8"?>
<marc:record xmlns:marc="http://www.loc.gov/MARC21/slim">
   <marc:leader>00000nam a2200000 a 4500</marc:leader>
   <marc:datafield ind1="1" ind2=" " tag="100">
      <marc:subfield code="a">Nordqvist, Sven</marc:subfield>
      <marc:subfield code="4">aut</marc:subfield>
      <marc:subfield code="e">Verfasser/-in</marc:subfield>
   </marc:datafield>
   <marc:datafield ind1=" " ind2=" " tag="653">
      <marc:subfield code="a">Antolin Klasse-2</marc:subfield>
   </marc:datafield>
   <marc:datafield ind1="0" ind2="0" tag="245">
      <marc:subfield code="a">Wo ist Pettersson?</marc:subfield>
   </marc:datafield>
   <marc:datafield ind1=" " ind2="1" tag="264">
      <marc:subfield code="b">Verlag Friedrich Oetinger</marc:subfield>
      <marc:subfield code="c">2020</marc:subfield>
   </marc:datafield>
   <marc:datafield ind1="1" ind2=" " tag="520">
      <marc:subfield code="a">Pettersson, wo steckst du bloß? Findus hat ein Bild für Pettersson gemalt. Er sucht ihn überall auf dem Hof, kann ihn aber nirgends entdecken. Er fragt die Hühner und die Kühe, ob sie ihn gesehen haben, selbst bei den Mucklas erkundigt er sich. Keiner kann ihm weiterhelfen, doch zum Glück entdeckt Findus seinen Pettersson dann doch noch im Garten. Der hat ein Tretauto für seinen kleinen Kater gebaut. Findus freut sich riesig und saust flugs mit dem Auto davon.</marc:subfield>
   </marc:datafield>
   <marc:datafield ind1=" " ind2=" " tag="020">
      <marc:subfield code="a">9783789104961</marc:subfield>
      <marc:subfield code="9">9783789104961</marc:subfield>
   </marc:datafield>
</marc:record>
